header

Cancer-related genetic testing and counseling (Record no. 41014)

MARC details
000 -LEADER
fixed length control field 02316nam a2200361 a 4500
082 04 - DEWEY DECIMAL CLASSIFICATION NUMBER
Classification number 616.99/4042
245 00 - TITLE STATEMENT
Title Cancer-related genetic testing and counseling
260 ## - PUBLICATION, DISTRIBUTION, ETC. (IMPRINT)
Place of publication Washington, D.C. :
Name of publisher National Academies Press,
Year of publication c2007.
300 ## - PHYSICAL DESCRIPTION
Number of Pages x, 123 p. :
Other physical details ill.
500 ## - GENERAL NOTE
General note "These proceedings of a workshop presented to the Institute of Medicine's (IOM) National Cancer policy Forum (the forum) on March 30, 2007, are the result of forum discussions about genetic testing and counseling at its meetings on June 16 and October 30, 2006."--P. 1.
650 #0 - SUBJECT ADDED ENTRY--TOPICAL TERM
Topical Term Cancer
Topical Term Genetic screening
Topical Term Genetic counseling
856 40 - ELECTRONIC LOCATION AND ACCESS
Uniform Resource Identifier http://site.ebrary.com/lib/rucke/Doc?id=10225201

No items available.

© 2026 Rongo University
Contact us: librarian | system librarian | Rongo university